| 000 | 00921nam1a22002531i 4500 | ||
|---|---|---|---|
| 001 | 2575232 | ||
| 005 | 20240726091250.0 | ||
| 035 | _a(NLR Aleph) 006458609 | ||
| 090 |
_a5812869 _c5812869 |
||
| 100 | _a20110316g19771978|||y0rusy50 ca | ||
| 101 | 0 | _arus | |
| 102 | _aRU | ||
| 105 | _a z ||||| | ||
| 200 | 1 |
_aКинетические уравнения для параметров квантовых подсистем _e[1]- |
|
| 210 |
_aКиев _cБ. и. _d1977-1978 |
||
| 215 | _d22 | ||
| 225 | 1 | _aАН УССР. Институт теоретической физики. Препринт ИТФ... | |
| 300 | _aЗагл. 3, 4: Кинетика энергетических переходов для фрагментов биосистем | ||
| 686 |
_aЕ071.11я41 _2rubbk |
||
| 801 | 0 |
_aRU _bNLR _gpsbo |
|
| 801 | 1 |
_aRU _bELAR _2rusmarc |
|
| 852 |
_aNLR _jDesideratum |
||
| 899 |
_aRuMoRGB _jИн 66-12/206 |
||
| 942 | _cBOOK | ||